| 000 | 00644nam a2200193 4500 | ||
|---|---|---|---|
| 001 | 137199 | ||
| 003 | ES-MaACL | ||
| 007 | t| | ||
| 008 | 070214s1972 it r ||||1| ita d | ||
| 100 | 1 |
_aSalvatorelli, Luigi. _9102126 |
|
| 245 | 1 | 3 |
_aUn cinquantennio di rivolgimenti mondiali _b: (1914-1971) / _cLuigi Salvatorelli ; prefazione di Giovanni Spaldolini. |
| 260 |
_aFirenze : _bFelice Le Monnier, _c1972. |
||
| 300 |
_aIX, 1223 p. ; _c21 cm + _e4 map. |
||
| 490 | 1 | _aQuaderni di storia | |
| 700 | 1 |
_aSpaldolini, Giovanni. _9107629 |
|
| 830 | 0 |
_aQuaderni di storia _9220066 |
|
| 852 |
_aES-MaACL _jE-5412 _bR.89782 |
||
| 999 |
_c137199 _d137199 |
||